US President Gravesites - Statistics

General Stats
  • This quiz has been taken 34 times
  • The average score is 21 of 39
Answer Stats
Hint Answer % Correct
Arlington National Cemetery (died 1963) John F Kennedy
100%
Andrew Johnson National Cemetery Andrew Johnson
89%
Eisenhower Presidential Center Dwight D. Eisenhower
89%
Harry S. Truman Presidential Library and Museum Harry S Truman
89%
Richard Nixon Presidential Library and Museum Richard Nixon
89%
McKinley National Memorial William McKinley
89%
George H. W. Bush Presidential Library and Museum George H W Bush
85%
Gerald R. Ford Presidential Museum Gerald R Ford
85%
Lyndon B. Johnson National Historical Park Lyndon B Johnson
85%
Ronald Reagan Presidential Library Ronald Reagan
85%
William Henry Harrison Tomb State Memorial William Henry Harrison
85%
Mount Vernon George Washington
78%
Monticello Thomas Jefferson
78%
General Grant National Memorial Ulysses S. Grant
78%
Herbert Hoover Presidential Library and Museum Herbert Hoover
74%
Harding Tomb Warren G. Harding
74%
Zachary Taylor National Cemetery Zachary Taylor
74%
United First Parish Church (Died 1826) John Adams
59%
The Hermitage Andrew Jackson
52%
Kinderhook Reformed Church Cemetery Martin Van Buren
52%
Arlington National Cemetery (died 1930) William Howard Taft
52%
Tennessee State Capitol James Polk
48%
Hollywood Cemetery (died 1862) John Tyler
48%
Hollywood Cemetery (died 1831) James Monroe
44%
Washington National Cathedral Woodrow Wilson
44%
Montpelier James Madison
41%
United First Parish Church (died 1848) John Quincy Adams
41%
Plymouth Notch Cemetery Calvin Coolidge
30%
Albany Rural Cemetery Chester A Arthur
30%
Princeton Cemetery Grover Cleveland
26%
Forest Lawn Cemetery Millard Fillmore
26%
Old North Cemetery Franklin Pierce
19%
Youngs Memorial Cemetery Theodore Roosevelt
19%
Oak Ridge Cemetery Abraham Lincoln
15%
Woodward Hill Cemetery James Buchanan
15%
Lake View Cemetery James Garfield
15%
Spiegel Grove Rutherford B. Hayes
15%
Crown Hill Cemetery Benjamin Harrison
11%
Springwood Franklin D. Roosevelt
11%
No matching quizzes found
Score Distribution
Percent of People with Each Score
Percentile by Number Answered
Your Score History
You have not taken this quiz